000 00550nam a2200217Ia 4500
003 OSt
005 20220928140456.0
006 a|||||r|||| 00| 0
007 ta
008 220927b |||||||| |||| 00| 0 eng d
024 _a8644
037 _cTextual
040 _aSDCL
_cSDCL
_beng
041 _2eng
_aeng
082 _aB280bX:8, P0
100 _aMetcalfe Andrew V
_9462457
245 0 _aStatistics in management science.
260 _c2000
942 _hB280bX:8, P0
_cTEXL
_2CC
999 _c811517
_d811517